Franco-South African dialogue: sustainable security in Africa (Record no. 63287)

MARC details
000 -LEADER
fixed length control field 00980nam a2200205 a 4500
008 - FIXED-LENGTH DATA ELEMENTS--GENERAL INFORMATION
fixed length control field 120416s2000 ||||||||||||||||| || u
050 ## - LIBRARY OF CONGRESS CALL NUMBER
Classification number ISS(08)
100 ## - MAIN ENTRY--PERSONAL NAME
Personal name Philander, Diane
245 10 - TITLE STATEMENT
Title Franco-South African dialogue: sustainable security in Africa
Statement of responsibility, etc. compiled by Diane Philander
260 ## - PUBLICATION, DISTRIBUTION, ETC.
Place of publication, distribution, etc. Pretoria:
Name of publisher, distributor, etc. ISS
Date of publication, distribution, etc. 2000
300 ## - PHYSICAL DESCRIPTION
Extent 127p.
350 ## -
-- 0.00
490 ## -
-- ISS Monograph Series
650 #7 - SUBJECT ADDED ENTRY--TOPICAL TERM
Topical term or geographic name entry element AFRICA
Source of heading or term fast
650 ## - SUBJECT ADDED ENTRY--TOPICAL TERM
Topical term or geographic name entry element NATIONAL SECURITY--AFRICA
710 ## - ADDED ENTRY--CORPORATE NAME
Corporate name or jurisdiction name as entry element Institute for Security Studies (ISS)
995 ## -
-- SPECIAL COLLECTIONS
-- 0.00
-- 0011364
-- CBU-MAIN LIBRARY (Kitwe)
-- 2
-- 0.00
-- ISS(08)IMS/2000/50B
-- 2
-- AVAILABLE
-- Z0011364
-- International Publications
995 ## -
-- SPECIAL COLLECTIONS
-- 0.00
-- 38166
-- CBU-MAIN LIBRARY (Kitwe)
-- 3
-- 0.00
-- ISS(08)IMS/2000/50C
-- 3
-- AVAILABLE
-- 38166
-- International Publications
995 ## -
-- SPECIAL COLLECTIONS
-- 0.00
-- 38168
-- CBU-MAIN LIBRARY (Kitwe)
-- 1
-- 0.00
-- ISS(08)IMS/2000/50A
-- 1
-- AVAILABLE
-- 38168
-- International Publications
999 ## -
-- 63287
-- 63287
Holdings
Withdrawn status Lost status Source of classification or shelving scheme Damaged status Not for loan Permanent Location Current Location Shelving location Date acquired Total Checkouts Full call number Barcode Date last seen Price effective from Koha item type
          CBU-MAIN LIBRARY, KITWE. CBU-MAIN LIBRARY, KITWE.   12/24/2022   ISS(08) Z0011364 12/24/2022 12/24/2022 MONOGRAPH
          CBU-MAIN LIBRARY, KITWE. CBU-MAIN LIBRARY, KITWE.   12/24/2022   ISS(08) 38166 12/24/2022 12/24/2022 MONOGRAPH
          CBU-MAIN LIBRARY, KITWE. CBU-MAIN LIBRARY, KITWE.   12/24/2022   ISS(08) 38168 12/24/2022 12/24/2022 MONOGRAPH